[Event "Bad Woerishofen op"]
[Site "Bad Woerishofen"]
[Date "2001.??.??"]
[Round "9"]
[White "Dittler, Volkfried"]
[Black "Eisenbeis, Norman"]
[Result "0-1"]
[WhiteElo "1900"]
[BlackElo "2162"]
[Annotator "ChessOrg"]
[PlyCount "36"]
[EventDate "1998.03.05"]
[Source "ChessBase"]
[SourceDate "1998.04.29"]

1. d4 {E94: Koenigsindisch (Klassisches System)} 1... Nf6 2. Nf3 g6 3. c4 Bg7
4. Nc3 d6 5. e4 O-O 6. Be2 e5 7. O-O exd4 8. Nxd4 c6 9. Rb1 9... a5 {
letzter Buchzug} 10. b3 Re8 11. Bf3 Nbd7 12. Kh1 Nc5 13. Re1 Qb6 (13... Ng4 $1
14. Bxg4 14... Bxg4 $15) 14. Bb2 Nfd7 15. Nde2 (15. Nc2 $5 $11 $142) 15... Ne5
$17 16. Ng3 $2 (16. Nc1 d5 17. cxd5 $14 (17. exd5 $143 17... Bf5 18. Qe2 Bxb1
19. Nxb1 19... Qd8 $17)) 16... Ncd3 $19 (16... Nxf3 $6 17. Qxf3 Bg4 18. Qxg4
$11) 17. Na4 (17. Rf1 Nxf2+ 18. Rxf2 Qxf2 19. Qe2 Qxe2 20. Bxe2 $19) 17...
Nxf2+ (17... Qxf2 $6 18. Re2 Nxb2 19. Rexb2 $17) 18. Kg1 Nh3+ (18... Nh3+ 19.
Kh1 Qg1+ 20. Rxg1 Nf2#) (18... Nxd1+ 19. Nxb6 Nxb2 20. Nxa8 $15) (18... Nxf3+
$6 19. Qxf3 Nh3+ 20. Kf1 Qg1+ 21. Ke2 $14) 0-1

[Event "Bad Woerishofen op"]
[Site "?"]
[Date "2001.??.??"]
[Round "1"]
[White "Dittmar, Peter"]
[Black "Saenger, Thomas"]
[Result "1-0"]
[WhiteElo "2339"]
[BlackElo "1997"]
[Annotator "ChessOrg"]
[PlyCount "39"]
[EventDate "2000.??.??"]

1. b3 {A01: Larsen-Eroeffnung} 1... e5 2. Bb2 Nc6 3. c4 d6 4. e3 f5 5. d4 Nf6
6. Nf3 e4 7. Nfd2 g6 8. b4 Bg7 9. b5 Ne7 10. Nc3 O-O 11. a4 {letzter Buchzug}
11... c6 12. Qb3 Be6 13. Ba3 a6 14. Be2 axb5 15. axb5 Nd7 16. bxc6 bxc6 17. O-O
Qc7 18. Qc2 Rfb8 19. Nb3 19... Rb7 $4 (19... h6 $11 $142) 20. Bxd6 $1 $18 (20.
Bxd6 Rxa1 21. Bxc7 Rxf1+ 22. Bxf1 Rxc7 23. Na4 $18) 1-0

[Event "Bad Woerishofen op"]
[Site "Bad Woerishofen"]
[Date "2001.??.??"]
[Round "3"]
[White "Dittmar, Peter"]
[Black "Graf, Alexander"]
[Result "0-1"]
[WhiteElo "2335"]
[BlackElo "2645"]
[Annotator "ChessOrg"]
[PlyCount "118"]
[EventDate "1998.03.05"]
[Source "ChessBase"]
[SourceDate "1998.04.29"]

1. b3 {A06: Zukertort-Eroeffnung} 1... c5 2. Bb2 Nc6 3. e3 d5 4. Nf3 4... f6 {
letzter Buchzug} 5. d4 cxd4 6. exd4 e6 7. Bd3 Bd6 8. O-O Nge7 9. Re1 O-O 10. c4
a6 11. a3 g5 12. Nc3 Bc7 13. h3 Rf7 14. Qe2 Qd6 15. g3 Ng6 16. Rad1 Bd7 17. Na4
dxc4 18. Bxc4 Na5 19. Bxe6 Bxe6 20. Qxe6 Qxe6 (20... Ne5 21. Rxe5 fxe5 22. Qxd6
Bxd6 23. Nxg5 $16) 21. Rxe6 Nxb3 22. Rd3 Nf8 23. Re1 (23. Rxb3 $143 23... Nxe6
24. Rxb7 24... Rb8 $17) 23... Na5 24. d5 Nc4 25. Ba1 Bd6 26. Nd4 b5 (26... f5
27. Nf3 g4 28. hxg4 fxg4 29. Ng5 $11) 27. Nb2 (27. Nf5 $5 27... bxa4 28. Rc3
$14) 27... Ne5 $11 28. Rb3 f5 (28... Rd7 29. Nd3 $11) 29. Ne6 (29. a4 $5 $14)
29... Nxe6 $15 30. dxe6 Re7 31. f4 gxf4 32. gxf4 Ng6 33. Nd3 Rae8 (33... Nxf4
$143 34. Nxf4 Bxf4 35. Rf3 $11) (33... Bxf4 $6 34. Bf6 Ree8 35. Kf2 $15) 34.
Nb4 (34. Rc3 $5 $17) 34... Rxe6 $19 35. Rxe6 Rxe6 36. Bb2 Bc5+ 37. Kf1 Nxf4 38.
Rf3 Nh5 39. Nd5 Rg6 40. Be5 f4 41. Nxf4 Nxf4 (41... Rg3 42. Rxg3+ Nxg3+ 43. Kg2
$19) 42. Bxf4 Rg1+ 43. Ke2 Ra1 44. Rc3 Bxa3 45. Be5 Ra2+ 46. Kd3 Bb2 47. Rc8+
Kf7 48. Rc7+ Ke6 (48... Kg6 $5 49. Bxb2 Rxb2 50. Rc6+ Kg5 51. Rxa6 Rb3+ 52. Kc2
Rxh3 53. Rb6 $19) 49. Bxb2 Rxb2 50. Rxh7 a5 51. Kc3 Rf2 52. Ra7 Rf3+ 53. Kd4 a4
54. Ra6+ Kf5 55. h4 (55. Kc5 55... Rb3 $19 (55... Rxh3 $6 56. Kxb5 Ke5 57. Kxa4
$11)) 55... Kg4 56. Ke4 Rb3 57. h5 Kxh5 58. Kf4 a3 59. Ra5 Kh4 (59... Kh4 60.
Ke4 60... b4 $19) 0-1

[Event "Bad Woerishofen op"]
[Site "Bad Woerishofen"]
[Date "2001.??.??"]
[Round "5"]
[White "Dittmar, Peter"]
[Black "Hahn, Guenter"]
[Result "1-0"]
[WhiteElo "2339"]
[BlackElo "2172"]
[Annotator "ChessOrg"]
[PlyCount "99"]
[EventDate "1998.03.05"]
[Source "ChessBase"]
[SourceDate "1998.04.29"]

1. b3 {A01: Larsen-Eroeffnung} 1... e6 2. Bb2 Nf6 3. c4 c5 4. Nf3 Nc6 5. g3 b6
6. Bg2 Bb7 7. O-O Be7 8. d4 {letzter Buchzug} 8... Nxd4 9. Nxd4 Bxg2 10. Kxg2
cxd4 11. Qxd4 d5 12. cxd5 Qxd5+ 13. Qxd5 exd5 14. Nc3 Rc8 15. Rfd1 O-O 16. Rac1
Rcd8 17. Nb5 Rd7 18. Nd4 Ne4 19. f3 Nd6 20. e4 $1 20... Bf6 (20... Nxe4 21.
fxe4) 21. exd5 (21. Ba3 $5 $16 $142) 21... Rfd8 $11 22. Rc2 Bxd4 23. Bxd4 Nf5
24. Bf2 h6 (24... Ne7 25. d6 Nc8 26. Be1 $11) 25. g4 $16 25... Ne7 26. d6 Rxd6
27. Rxd6 Rxd6 28. Rc7 Nc6 29. h4 Kf8 30. h5 g5 31. hxg6 Rxg6 32. Be3 f5 (32...
h5 33. Kg3 $11) 33. Kg3 fxg4 34. fxg4 Ne5 (34... Ne7 35. Bc1 h5 36. g5 $14) 35.
Kf4 (35. Rxa7 $142 35... Rxg4+ 36. Kh3 $16) 35... Nd3+ $2 (35... Nxg4 $142 36.
Kf5 36... Rg8 $16) 36. Kf5 $18 36... Rd6 37. Rxa7 Nb4 38. Bc1 Kg8 39. Ba3 Rd4
40. Ra8+ 40... Kh7 $2 (40... Kf7 $142 41. Bxb4 Rxb4 42. Ra7+ 42... Kg8 $18) 41.
Ra7+ $4 (41. Bb2 $5 $142 41... Rd5+ 42. Be5 Rxe5+ 43. Kxe5 $18) 41... Kg8 42.
Ra4 Nc2 43. Rxd4 Nxd4+ 44. Kg6 Nc2 45. Bc1 Nb4 46. Bxh6 (46. a4 46... Nd5 $18)
46... Nxa2 47. Bd2 b5 48. Kf5 b4 49. Ke4 Kf7 50. Kd3 (50. Kd3 Ke6 51. Kc2 $18)
1-0

[Event "Bad Woerishofen op"]
[Site "Bad Woerishofen"]
[Date "2001.??.??"]
[Round "8"]
[White "Dittmar, Peter"]
[Black "Markus, John R"]
[Result "1-0"]
[WhiteElo "2339"]
[BlackElo "2225"]
[Annotator "ChessOrg"]
[PlyCount "65"]
[EventDate "1998.03.05"]
[Source "ChessBase"]
[SourceDate "1998.04.29"]

1. Nf3 {A30: Englische Eroeffnung (Symmetrische Variante)} 1... Nf6 2. c4 c5 3.
b3 g6 4. Bb2 Bg7 5. e3 Nc6 6. Be2 O-O 7. O-O b6 8. d3 Bb7 9. a3 d5 10. cxd5
10... Nxd5 {letzter Buchzug} 11. Bxg7 Kxg7 12. Qc2 f6 13. Nbd2 e5 14. Qb2 a5
15. Rfd1 h6 16. Bf1 Kh7 (16... Qe7 17. Rac1 $11) 17. d4 cxd4 18. exd4 exd4 19.
Nxd4 Nxd4 20. Qxd4 Rc8 21. Nc4 b5 (21... Re8 $5 $14 $142) 22. Qa7 Rc7 23. Nxa5
Qe7 (23... Ba8 24. Qa6 $18) 24. Nxb7 (24. Bxb5 Ra8 25. Qd4 25... Rxa5 $17)
24... Rxb7 25. Qd4 Rd8 26. g3 Rdd7 (26... b4 27. Bg2 Rbd7 28. Bxd5 Rxd5 29.
Qxd5 Rxd5 30. Rxd5 bxa3 31. Ra5 $18) 27. Bg2 Nb6 28. Qc3 Rxd1+ 29. Rxd1 Rc7 30.
Qa5 Qc5 31. Bf1 Re7 (31... Rb7 32. Qa6 Re7 33. Qxb5 $18) 32. Qxb5 Qc2 (32...
Qc7 $18) 33. Qd3 (33. Qd3 Qc7 34. Qd8 $18) (33. Rd6 $18 $142) 1-0

[Event "Bad Woerishofen op"]
[Site "?"]
[Date "2001.??.??"]
[Round "1"]
[White "Dobierzin, Olaf"]
[Black "Mijatovic, Vladimir"]
[Result "1/2-1/2"]
[WhiteElo "2163"]
[BlackElo "1734"]
[Annotator "ChessOrg"]
[PlyCount "72"]
[EventDate "2000.??.??"]

1. e4 {B85: Sizilianisch (Scheveninger System)} 1... c5 2. Nf3 d6 3. d4 cxd4 4.
Nxd4 Nf6 5. Nc3 a6 6. Be2 e6 7. O-O Be7 8. a4 Qc7 9. f4 Nbd7 10. Kh1 b6 11. Bf3
Bb7 12. Qe1 Rb8 13. Be3 {letzter Buchzug} 13... O-O 14. Qg3 Nc5 15. e5 Nfe4 (
15... dxe5 16. fxe5 Nce4 17. Nxe4 Nxe4 18. Bxe4 Bxe4 19. c3 $11) 16. Nxe4 (16.
Bxe4 Nxe4 17. Nxe4 Bxe4 18. f5 dxe5 19. f6 (19. fxe6 $143 19... f5 $17) 19...
Bxf6 20. Rxf6 $11) 16... Nxe4 $11 17. Bxe4 Bxe4 18. f5 Kh8 (18... dxe5 19. f6 (
19. fxe6 $143 19... f5 $17) 19... Bxf6 20. Rxf6 $11) 19. fxe6 (19. Bf4 Qc5 20.
Rad1 20... Ra8 $16) 19... f6 $2 (19... dxe5 $142 20. Rxf7 Rxf7 21. exf7 21...
Bd5 $11) 20. exd6 $16 20... Bxd6 21. Bf4 Rbd8 22. Bxd6 Qxd6 23. Qxd6 Rxd6 24.
c3 Bd5 25. Rae1 Re8 26. Rf2 Kg8 (26... Bxe6 $4 27. Rfe2 $18 (27. Rxe6 $2 27...
Rexe6 (27... Rdxe6 $6 28. Nxe6 Rxe6 29. Kg1 $11) 28. g4 Re1+ 29. Kg2 29... Kg8
$19)) 27. Kg1 (27. Rfe2 27... g6 $14) 27... Bxe6 28. Nf5 (28. Rfe2 28... Kf7
$14) 28... Rdd8 $11 29. Rfe2 Bd7 30. Rxe8+ Rxe8 31. Rxe8+ Bxe8 32. b3 Kf8 33.
Kf2 Bg6 34. Nd4 Ke7 35. Ke3 Kd6 36. Kf4 Kd5 1/2-1/2

[Event "Bad Woerishofen op"]
[Site "Bad Woerishofen"]
[Date "2001.??.??"]
[Round "3"]
[White "Dobierzin, Olaf"]
[Black "Roeder, Matthias"]
[Result "1/2-1/2"]
[WhiteElo "2163"]
[BlackElo "2456"]
[Annotator "ChessOrg"]
[PlyCount "92"]
[EventDate "1998.03.05"]
[Source "ChessBase"]
[SourceDate "1998.04.29"]

1. e4 {B92: Sizilianisch (Najdorf-Variante mit 6.Le2)} 1... c5 2. Nf3 d6 3. d4
cxd4 4. Nxd4 Nf6 5. Nc3 a6 6. Be2 e5 7. Nb3 Be7 8. O-O O-O 9. Kh1 b6 10. Be3
Bb7 11. f3 11... Qc7 {letzter Buchzug} 12. Qd2 Rd8 13. Nd5 Nxd5 14. exd5 Nd7
15. c4 a5 16. Qe1 b5 17. cxb5 Bxd5 18. Rc1 Nc5 19. Nxc5 (19. Bc4 19... Bb7 $14)
19... dxc5 $11 20. Bc4 a4 21. b4 Bxc4 22. Rxc4 Qb7 23. Bxc5 (23. bxc5 Qxb5 24.
Qc3 24... a3 $14) 23... Qxb5 $11 24. Rc1 Bg5 25. Rc2 f6 (25... Bd2 26. Qb1 $15)
26. Qe2 $11 26... Qxe2 27. Rxe2 Rd5 28. Kg1 Kf7 29. g3 f5 30. Rfe1 Bf6 31. Rc1
Re8 32. Rcc2 Ke6 33. Kf2 h5 34. Red2 Bg5 35. Re2 h4 36. f4 hxg3+ 37. hxg3 Bf6
38. fxe5 Bxe5 39. Rcd2 Rxd2 40. Rxd2 g5 41. Rd3 g4 42. Kg2 Rh8 43. Ra3 Ra8 44.
Rd3 Rh8 45. Ra3 Ra8 46. Rd3 Rh8 1/2-1/2

[Event "Bad Woerishofen op"]
[Site "Bad Woerishofen"]
[Date "2001.??.??"]
[Round "5"]
[White "Dobierzin, Olaf"]
[Black "Wissinger, Peter"]
[Result "0-1"]
[WhiteElo "2163"]
[BlackElo "1965"]
[Annotator "ChessOrg"]
[PlyCount "126"]
[EventDate "1998.03.05"]
[Source "ChessBase"]
[SourceDate "1998.04.29"]

1. e4 {C73: Spanische Partie (Moderne Steinitz-Verteidigung)} 1... e5 2. Nf3
Nc6 3. Bb5 a6 4. Ba4 d6 5. Bxc6+ bxc6 6. d4 f6 7. Nc3 Ne7 8. Be3 Ng6 9. Qe2 Be6
10. O-O-O Be7 11. h4 h5 12. dxe5 fxe5 13. Ng5 13... Qd7 {letzter Buchzug} 14.
Na4 (14. Nxe6 $5 14... Qxe6 15. g3 $14) 14... Bxg5 $11 15. hxg5 h4 (15... Qf7
16. a3 Nf4 17. Bxf4 Qxf4+ 18. Kb1 Qxg5 19. Nc3 $15) 16. Nc5 $14 16... Qf7 17.
Nxe6 Qxe6 18. c4 c5 19. g3 (19. Qc2 19... Rb8 $14) 19... hxg3 20. Rxh8+ Nxh8
21. fxg3 Ng6 22. b3 Ke7 23. Rh1 Rh8 24. Rxh8 Nxh8 25. Qh5 Ng6 26. Kd2 Kf7 27.
Qf3+ Ke7 28. Ke2 Qf7 29. Qg4 Qe6 30. Qf3 Nf8 31. Qh5 Qg6 32. Qg4 Ne6 33. Kd3
Qf7 34. g6 (34. Qf5 g6 35. Qxf7+ 35... Kxf7 $11) 34... Qf1+ $15 35. Kd2 Qg2+
36. Ke1 Qxa2 37. Bg5+ $2 (37. Qf3 $5 $142 37... Qb1+ 38. Ke2 Qc2+ 39. Kf1 $17)
37... Kd7 $19 38. Qf5 38... Qb1+ $4 (38... Qxb3 39. Qf7+ Kc6 40. Qe8+ Kb7 41.
Qxe6 Qxg3+ 42. Ke2 Qxg5 43. Qf7 $19) 39. Kf2 $4 (39. Ke2 $11 $142) 39... Qc2+
$19 40. Kf1 40... Qd1+ $4 (40... Qxb3 $142 41. Qf7+ Kc6 42. Qe8+ Kb7 43. Qxe6
Qf3+ 44. Ke1 Qxg3+ 45. Kd1 45... Qxg5 $19) 41. Kg2 Qe2+ 42. Kh3 (42. Kg1 Qh5
43. Be3 Qxf5 44. exf5 c6 45. fxe6+ 45... Kxe6 $16) 42... Qxe4 (42... Qh5+ 43.
Bh4 Qxf5+ 44. exf5 $15) 43. Qf7+ $11 (43. Qxe4 $4 43... Nxg5+ 44. Kg4 44...
Nxe4 $19) 43... Kc6 44. Qxe6 Qh1+ 45. Kg4 Qd1+ 46. Kh4 Qh1+ 47. Qh3 Qe4+ 48.
Kh5 Qf3+ 49. Qg4 Qh1+ 50. Bh4 e4 51. Qe6 (51. Qf4 $5 $16 $142) 51... Qf3+ $11
52. Qg4 d5 (52... Qh1 53. Kg5 $16) 53. cxd5+ (53. Be7 dxc4 54. bxc4 54... Kb6
$16) 53... Kxd5 $14 54. Qxf3 (54. Bd8 $5 $14) 54... exf3 $11 55. g4 c4 56.
bxc4+ Ke4 (56... Kxc4 57. Kg5 Kd3 58. Kf4 $19) 57. Be1 Ke3 58. Kg5 a5 59. Kf5
a4 60. Ke6 a3 61. Kf7 a2 62. Bc3 f2 63. Kxg7 f1=Q (63... f1=Q 64. g5 64... Kd3
$19) 0-1

[Event "Bad Woerishofen op"]
[Site "Bad Woerishofen"]
[Date "2001.??.??"]
[Round "7"]
[White "Dobierzin, Olaf"]
[Black "Taschner, Peter"]
[Result "1-0"]
[WhiteElo "2163"]
[BlackElo "2011"]
[Annotator "ChessOrg"]
[PlyCount "77"]
[EventDate "1998.03.05"]
[Source "ChessBase"]
[SourceDate "1998.04.29"]

1. e4 {B01: Skandinavische Verteidigung} 1... d5 2. exd5 Qxd5 3. Nc3 Qa5 4. d4
c6 5. Bc4 Bf5 6. Nf3 Nf6 7. Bd2 e6 8. Qe2 Bb4 9. O-O O-O 10. a3 Bxc3 11. Bxc3
Qc7 12. Ne5 {letzter Buchzug} 12... Rd8 13. g4 Bg6 14. f4 (14. h4 c5 15. dxc5
15... Nc6 $16) 14... Nbd7 (14... c5 15. Rad1 $11) 15. h4 Nxe5 (15... c5 $5 16.
h5 16... Be4 $14) 16. fxe5 $16 (16. dxe5 $6 16... Ne4 17. h5 17... Ng3 $14)
16... Ne4 17. h5 Ng3 18. Qf3 Nxf1 19. hxg6 Nd2 20. gxf7+ (20. gxh7+ $5 $142
20... Kh8 21. Bxd2 Rxd4 22. Bd3 $16) 20... Qxf7 $11 21. Qxf7+ Kxf7 22. Bxd2
Rxd4 23. Rf1+ Ke8 24. Bd3 Rxg4+ 25. Kh2 a5 (25... Rd8 26. Bb4 $14) 26. Be3 Rh4+
27. Kg3 Rh5 28. Bc5 Rd8 29. Rf8+ Kd7 30. Rf7+ Kc8 31. Bd6 (31. Bb6 $142 31...
Rg8 32. Rc7+ Kb8 33. Re7 $18 (33. Bxa5 $6 33... Rxe5 34. Bb6 Rg5+ 35. Kf4 35...
h6 $14)) 31... Rxd6 $2 (31... Rd7 $142 32. Rf4 Rg5+ 33. Kh3 Rh5+ 34. Kg4 34...
Rh1 $14) 32. exd6 $18 32... Rg5+ 33. Kf4 h6 34. Bc4 (34. Rc7+ $5 $142 34... Kd8
$18) 34... e5+ 35. Ke3 Rg6 36. d7+ Kd8 37. Bd3 Rd6 38. Bf5 38... g6 $4 (38...
Rf6 $142 39. Rxf6 39... gxf6 $18) 39. Rf8+ (39. Rf8+ Ke7 40. Re8+ Kf6 41. Bh3
$18) 1-0

[Event "Bad Woerishofen op"]
[Site "Bad Woerishofen"]
[Date "2001.??.??"]
[Round "8"]
[White "Dobierzin, Olaf"]
[Black "Vatter, Hans-Joachim"]
[Result "0-1"]
[WhiteElo "2163"]
[BlackElo "2342"]
[Annotator "ChessOrg"]
[PlyCount "80"]
[EventDate "1998.03.05"]
[Source "ChessBase"]
[SourceDate "1998.04.29"]

1. e4 {B43: Sizilianisch (Paulsen-Variante)} 1... c5 2. Nf3 e6 3. d4 cxd4 4.
Nxd4 a6 5. Nc3 Qc7 6. Bd3 b5 7. O-O Bb7 8. a3 {letzter Buchzug} 8... Nf6 9. Kh1
d6 10. f4 Nbd7 11. Qe2 g6 12. f5 gxf5 13. exf5 e5 14. Ne6 Qc6 15. Nd4 (15. Nxf8
Rxf8 16. Rg1 16... Rg8 $15) 15... Qc8 (15... Qxg2+ 16. Qxg2 Bxg2+ 17. Kxg2 Rg8+
18. Kh1 exd4 19. Ne2 $17) 16. Ne4 Be7 17. Bg5 $2 (17. Re1 $15 $142) 17... Bxe4
$19 18. Bxe4 exd4 (18... Nxe4 $142 19. Bxe7 19... d5 $19) 19. Bxa8 $15 19...
Qxa8 20. Bxf6 Nxf6 21. Rae1 Qb7 22. Rf4 Qd7 (22... d3 23. cxd3 Rg8 24. Rf3 $15)
23. Rxd4 $11 23... h5 24. c4 bxc4 25. Rxc4 O-O 26. Rec1 (26. Qxe7 $143 26...
Re8 27. Qxe8+ 27... Nxe8 $19) 26... Bd8 27. Qf3 Re8 28. Qf4 (28. Rc6 28... d5
$11) 28... Kh7 29. Rd4 (29. b4 29... Re5 $15) 29... d5 $17 30. Qf1 a5 31. g3
Bb6 32. Rd3 Be3 33. Rc2 Re5 34. Qf3 (34. Rd1 $5 $19 $142) 34... d4 35. Kg2 (35.
h3 Qxf5 36. Qxf5+ 36... Rxf5 $17) 35... Qb5 (35... Rxf5 36. Rxe3 Rxf3 37. Rxf3
$19) 36. Qd1 $2 (36. Rd1 $19) 36... Rxf5 37. Re2 (37. Rxe3 dxe3 38. Kg1 38...
Ne4 $19) 37... Qd5+ (37... Qc6+ 38. Kh3 Ne4 39. Rdxe3 Ng5+ 40. Kh4 dxe3 41.
Rxe3 Qc4+ 42. g4 Nf3+ 43. Qxf3 Rxf3 44. h3 Rxe3 45. b4 Qf1 46. Kxh5 Rxh3+ 47.
Kg5 f6#) 38. Kh3 Qf3 39. Rc2 Qe4 40. Re2 (40. Rxe3 dxe3 41. Qe2 $19) 40... h4 (
40... h4 41. Rxd4 Qxd4 42. Qxd4 42... Bxd4 $19) (40... Qg4+ 41. Kg2 Qf3+ 42.
Kh3 Ne4 43. Rxd4 Ng5+ 44. Kh4 Bxd4 45. Re7 Qxd1 46. Rxf7+ Nxf7 47. Kh3 Ng5+ 48.
Kh4 Qg4#) 0-1

[Event "Bad Woerishofen op"]
[Site "?"]
[Date "2001.??.??"]
[Round "1"]
[White "Doell, Detlef"]
[Black "Theuermeister, Peter"]
[Result "1/2-1/2"]
[WhiteElo "2123"]
[BlackElo "1587"]
[Annotator "ChessOrg"]
[PlyCount "65"]
[EventDate "2000.??.??"]

1. e4 {B20: Sizilianisch} 1... c5 2. c4 Nc6 3. Ne2 {letzter Buchzug} 3... e5 4.
g3 Nf6 5. Bg2 d6 6. Nbc3 Be7 7. O-O O-O 8. d3 Bd7 9. f4 Bg4 10. h3 Bxe2 11.
Qxe2 (11. Nxe2 11... Re8 $14) 11... Nd4 $11 12. Qd1 a6 13. f5 b5 14. Nd5 (14.
Ne2 14... Rb8 $14) 14... Nxd5 15. exd5 Bg5 16. Qh5 Bxc1 17. Raxc1 f6 18. Rf2 b4
19. Bf3 Qe8 20. Qxe8 Rfxe8 21. Be4 h6 22. Rg2 Kf7 23. Kf2 a5 24. g4 Rh8 25. h4
Rab8 26. Ke1 Ra8 27. Kd2 Rab8 28. Rcg1 Rbg8 29. Kd1 a4 30. Kd2 Ra8 31. Kc1 (31.
Rg3 a3 32. b3 32... h5 $11) 31... Rag8 (31... a3 32. b3 $15) 32. Kd2 Ra8 33.
Kc1 1/2-1/2

[Event "Bad Woerishofen op"]
[Site "Bad Woerishofen"]
[Date "2001.??.??"]
[Round "3"]
[White "Doell, Detlef"]
[Black "Grathwohl, Roland"]
[Result "1/2-1/2"]
[WhiteElo "2123"]
[BlackElo "2283"]
[Annotator "ChessOrg"]
[PlyCount "102"]
[EventDate "1998.03.05"]
[Source "ChessBase"]
[SourceDate "1998.04.29"]

1. e4 {B12: Caro-Kann (Vorstoss-Variante)} 1... c6 2. d4 d5 3. e5 Bf5 4. Nc3
Qb6 5. Na4 Qc7 6. Bd3 {letzter Buchzug} 6... Bxd3 7. Qxd3 e6 8. f4 Ne7 9. Nf3
h5 10. Be3 Nf5 11. Bf2 Be7 12. g3 Nd7 13. h3 Qa5+ 14. Nc3 c5 15. Qb5 Qc7 16.
Kf1 O-O-O (16... a6 17. Qa4 $11) 17. Qd3 Qc6 18. Ne2 f6 19. c3 fxe5 20. fxe5 g5
21. Nd2 Nb6 22. b3 c4 23. Qc2 Qe8 24. a4 cxb3 25. Qxb3 Qc6 26. Kg1 Kb8 (26...
Nc4 27. Nxc4 dxc4 28. Qb5 $11) 27. Qb5 Rc8 28. Kg2 Nc4 (28... g4 29. Qxc6 gxh3+
30. Rxh3 Rxc6 31. a5 $11) 29. Nxc4 Qxc4 30. Rhb1 Rc7 31. Rb2 Rhc8 32. Rab1 Qxb5
33. Rxb5 (33. axb5 33... g4 $11) 33... Rd7 34. g4 Ng7 35. Be3 Rf8 36. Ng1 hxg4
37. hxg4 Ne8 38. Nf3 Bd8 39. Bxg5 Rxf3 40. Bxd8 (40. Kxf3 Bxg5) 40... Rxc3 41.
Bf6 Rd3 42. R5b4 a5 43. Rb6 Rxd4 44. Kf3 Ng7 (44... Rxa4 45. Rxe6 45... Nc7 $11
) 45. Rh1 $4 (45. Rd6 45... Rf7 $14) 45... Rc7 (45... Rxa4 $5 46. Rh7 46... Kc7
$15) 46. Rb3 (46. Rh8+ Ka7 47. Rb3 Rcc4 48. Bxg7 Rf4+ 49. Ke2 Rce4+ 50. Re3
50... Rxa4 $11) 46... Rcc4 (46... Ne8 $5 47. Rh8 47... Rc8 $15) 47. Bxg7 $14
47... Rf4+ 48. Ke2 Rxg4 49. Bf6 Rge4+ 50. Kf3 Rf4+ 51. Kg3 Rg4+ 1/2-1/2

[Event "Bad Woerishofen op"]
[Site "Bad Woerishofen"]
[Date "2001.??.??"]
[Round "5"]
[White "Doell, Detlef"]
[Black "Liszka, Guenter"]
[Result "1-0"]
[WhiteElo "2123"]
[BlackElo "1750"]
[Annotator "ChessOrg"]
[PlyCount "55"]
[EventDate "1998.03.05"]
[Source "ChessBase"]
[SourceDate "1998.04.29"]

1. e4 {B20: Sizilianisch} 1... c5 2. b3 d6 3. f4 3... e6 {letzter Buchzug} 4.
Bb2 Nf6 5. d3 (5. Nc3 5... Bd7 $11) 5... Nc6 6. Nf3 Be7 7. Be2 Qc7 8. h3 (8.
Nc3 8... O-O $11) 8... e5 (8... d5 9. e5 Nh5 10. Qd2 $15) 9. fxe5 dxe5 10. Nc3
Nd4 11. a4 a6 12. O-O O-O 13. Bc1 Bd7 14. Bg5 Bc6 15. Qd2 Rad8 16. Nxd4 cxd4
17. Nd1 Rc8 18. Nf2 Bd7 19. Ra2 Be6 20. Nh1 h6 (20... Ne8 21. Bxe7 Qxe7 22. Nf2
$15) 21. Bxf6 $11 21... Bxf6 22. Rxf6 gxf6 23. Qxh6 f5 24. Qg5+ Kh7 25. exf5
Bxf5 26. Qxf5+ Kg7 27. Qg5+ Kh7 (27... Kh8 28. Qf6+ Kg8 29. Ng3 $18) 28. Bg4 (
28. Bg4 Rg8 29. Bf5+ Rg6 30. Qh5+ Kg7 31. Bxc8 Qxc8 32. Qxe5+ Kg8 33. Ng3 $18)
1-0

[Event "Bad Woerishofen op"]
[Site "Bad Woerishofen"]
[Date "2001.??.??"]
[Round "7"]
[White "Doell, Detlef"]
[Black "Naegele, Thomas"]
[Result "0-1"]
[WhiteElo "2123"]
[BlackElo "2189"]
[Annotator "ChessOrg"]
[PlyCount "86"]
[EventDate "1998.03.05"]
[Source "ChessBase"]
[SourceDate "1998.04.29"]

1. e4 {B20: Sizilianisch} 1... c5 2. b3 Nc6 3. Bb2 d6 4. f4 Nf6 5. Nc3 5... Nd4
{letzter Buchzug} 6. Nf3 g6 7. Bc4 Bg7 8. O-O (8. Rb1 8... Bg4 $11) 8... O-O (
8... Nxe4 9. Ng5 Nxg5 10. fxg5 $17) 9. Bd3 (9. Rb1 $11) 9... Rb8 (9... Bg4 $5
$15 $142) 10. Nxd4 $14 10... cxd4 11. Ne2 e5 12. fxe5 dxe5 13. a4 a6 14. a5 Be6
15. Kh1 Re8 16. Ng1 Rc8 17. Nf3 Nd7 18. Qe2 Bf8 19. Bc4 Bxc4 20. bxc4 Bb4 21.
d3 (21. c3 dxc3 22. Bxc3 Bxc3 23. dxc3 23... Rc5 $15) 21... Bxa5 $17 22. Bc1
Bc7 23. Bh6 Bd6 24. h4 Bf8 25. Qd2 Re6 26. Bxf8 Qxf8 (26... Kxf8 $6 27. Qh6+
Ke7 28. Ng5 $11 (28. Qxh7 $143 28... Qh8 29. Qxh8 29... Rxh8 $17)) 27. g3 Rc7
28. Qa5 Rc5 29. Qa4 Re7 30. Rab1 Qc8 31. Qb4 Nf6 32. Kg2 (32. Nh2 Nh5 33. Rf3
$19) 32... Ng4 33. Rfc1 Ne3+ 34. Kf2 Rcc7 (34... b5 35. c3 bxc4 36. cxd4 exd4
37. Qa3 $19) 35. Qd6 (35. c3 $5 $142 35... Qh3 36. Rg1 $17) 35... Re6 36. Qb4
Rf6 37. Ke2 (37. Qe1 b5 38. c3 $19) 37... Qg4 38. Rf1 Nxf1 39. Rxf1 Qxg3 40.
Qa5 Rcc6 (40... Rc8 $5 41. Qd2 $19) 41. Qd8+ (41. Qxe5 Qxe5 42. Nxe5 Rxf1 43.
Nxc6 bxc6 44. Kxf1 $19) 41... Kg7 42. h5 (42. Rf2 $19) 42... Qf4 43. Kd1 (43.
c5 Rxc5 44. Kd1 Qh6 45. hxg6 Rxf3 46. Rxf3 Qh1+ 47. Kd2 47... Qxf3 $19) 43...
Rb6 (43... Rb6 44. h6+ Qxh6 45. Qxb6 45... Rxb6 $19) 0-1

[Event "Bad Woerishofen op"]
[Site "?"]
[Date "2001.??.??"]
[Round "1"]
[White "Duckstein, Torsten"]
[Black "Erenska, Hanna"]
[Result "0-1"]
[WhiteElo "1865"]
[BlackElo "2256"]
[Annotator "ChessOrg"]
[PlyCount "80"]
[EventDate "2000.??.??"]

1. d4 {A46: Damenbauernspiele} 1... Nf6 2. Nf3 d6 3. Bg5 Nbd7 4. e3 {
letzter Buchzug} 4... c6 5. Nbd2 e5 6. c3 Be7 7. Qc2 (7. Bxf6 gxf6 8. e4 8...
d5 $14) 7... O-O 8. Bd3 Re8 (8... h6 9. Bxf6 Bxf6 10. dxe5 Nxe5 11. Nxe5 Bxe5
12. Nf3 $11) 9. O-O (9. dxe5 $5 $142 9... dxe5 10. Bxf6 Nxf6 11. Nxe5 $16) 9...
exd4 $11 10. exd4 Nf8 11. Rfe1 Bg4 12. Bf5 Bxf5 13. Qxf5 Qd7 14. Qxd7 N8xd7 (
14... N6xd7 $4 15. Bxe7 d5 16. Re3 $18) 15. Re2 Bf8 16. Rae1 Rxe2 17. Rxe2 h6
18. Bxf6 Nxf6 19. g3 b5 20. Ne1 a5 21. Nd3 Nd5 22. a3 Nb6 23. Kf1 Na4 24. c4
Rb8 25. Re3 bxc4 (25... Nb6 $5 26. cxb5 26... cxb5 $11) 26. Nxc4 $14 26... Rb5
27. b4 (27. Re8 $5 $14) 27... axb4 $11 28. Nxb4 c5 29. Nc6 (29. dxc5 Rxc5 30.
Nd2 30... d5 $11) 29... d5 $15 30. N4e5 Rb1+ 31. Ke2 Rb2+ 32. Ke1 c4 (32... Rb6
$5 $17 $142) 33. Nd7 $11 33... Bd6 34. h4 (34. Ne7+ $5 $142 34... Bxe7 35. Rxe7
$11) 34... f6 35. h5 (35. Ne7+ $142 35... Bxe7 36. Rxe7 $17) 35... c3 $19 36.
Nb4 $2 (36. Kd1 Bxa3 37. Ne7+ Kf7 38. Nxd5 Rd2+ 39. Ke1 Rxd4 40. Nxc3 $19)
36... Bxb4 37. axb4 Rb1+ 38. Ke2 c2 (38... Rxb4 $6 39. Kd3 $19) 39. Re8+ Kf7
40. Rf8+ Ke7 (40... Ke7 41. Rc8 c1=Q (41... Kxd7 $143 42. Rxc2 Rxb4 43. Kd3 $19
) 42. Rxc1 42... Rxc1 $19) 0-1